Complaints rise but no cases of malpractice (Record no. 63143)

MARC details
000 -LEADER
fixed length control field 00831cam a2200205 4500
001 - CONTROL NUMBER
control field WB3615-27
008 - FIXED-LENGTH DATA ELEMENTS--GENERAL INFORMATION
fixed length control field 000000n2000 000 0 eng u
035 ## - SYSTEM CONTROL NUMBER
System control number (Sirsi) u105318
245 ## - TITLE STATEMENT
Title Complaints rise but no cases of malpractice
260 ## - PUBLICATION, DISTRIBUTION, ETC.
Date of publication, distribution, etc. 2000
490 ## - SERIES STATEMENT
Series statement Negotiator
Volume/sequential designation 15(7) 7 April 2000, 3(1)
520 ## - SUMMARY, ETC.
Summary, etc. The Ombudsman for Estate Agents (OEA) reveals in his annual report that most complaints against estate agents are about maladministration rather than malpractice. During 1999, the Ombudsman formally investigated 316 complaints out of 3,889 but there were no cases of malpractice.
590 ## - LOCAL NOTE (RLIN)
Local note WB
650 ## - SUBJECT ADDED ENTRY--TOPICAL TERM
Topical term or geographic name entry element MALPRACTICE
650 ## - SUBJECT ADDED ENTRY--TOPICAL TERM
Topical term or geographic name entry element MALADMINISTRATION
650 ## - SUBJECT ADDED ENTRY--TOPICAL TERM
Topical term or geographic name entry element OMBUDSMAN FOR ESTATE AGENCY
650 ## - SUBJECT ADDED ENTRY--TOPICAL TERM
Topical term or geographic name entry element COMPLAINTS
690 ## - LOCAL SUBJECT ADDED ENTRY--TOPICAL TERM (OCLC, RLIN)
Topical term or geographic name as entry element MANAGEMENT-BUSINESS MANAGEMENT-PROFESSIONAL PRACTICE
942 ## - ADDED ENTRY ELEMENTS (KOHA)
Suppress in OPAC 0
Holdings
Withdrawn status Lost status Source of classification or shelving scheme Damaged status Not for loan Home library Current library Shelving location Date acquired Total Checkouts Full call number Barcode Date last seen Copy number Price effective from Koha item type
    Dewey Decimal Classification     London London News article 12/04/2000   WB3615-27 105318-1001 06/08/2019 1 06/08/2019 News article